Statistics for Caribbean Islands and Countries

Click here to take the quiz!

General Stats

  • This quiz has been taken 25 times
    (16 since last reset)
  • The average score is 17 of 32

Answer Stats

LetterCountry% Correct
JJamaica
100%
JJamaica
100%
DDominican Republic
92%
HHaiti
92%
SSaint Kitts and Nevis
92%
SSt Lucia
92%
TTrinidad
92%
TTrinidad and Tobago
92%
AAntigua and Barbuda
83%
BBarbados
83%
CCuba
83%
CCuba
83%
DDominica
83%
DDominica
83%
GGrenada
83%
SSt Vincent and the Grenadines
83%
BBahamas
75%
HHispaniola
42%
PPuerto Rico
25%
MMargarita
17%
BBasse-Terre
8%
CCayo Romano
8%
CCozumel
8%
GGonâve
8%
GGrand Bahama Island
8%
GGreat Abaco Island
8%
GGreat Inagua Island
8%
LetterIsland
8%
JJuventud
8%
MMartinique
8%
NNorth Andros Island
8%
SSouth Andros Island
8%

Score Distribution

Percentile by Number Answered

Percent of People with Each Score

Your Score History

You have not taken this quiz since the last reset